000 00707nam a2200253Ia 4500
003 OSt
005 20220926004748.0
006 a|||||r|||| 00| 0
007 ta
008 220923b |||||||| |||| 00| 0 eng d
020 _a0803942567
037 _cGeneral Book
040 _aRTL
_cRTL
_beng
041 _2eng
_aeng
082 _aY7, N1
100 _aEssed Philomena
_9309234
245 0 _aUnderstanding everyday racism
_b An interdisciplinary theory
260 _a New Delhi
_bSage
_c1991
300 _ax, 322p
_ccm.
490 _aSage Series on Race and Ethnic Relations, 2
650 _aRace
942 _hY7, N1
_cGB
_2CC
999 _c612240
_d612240